000 01714cam a22005054i 4500
003 PE-LiUPU
005 20250731173106.0
008 150623s r 000 0 d
020 _a0197260764
035 _a(Sirsi) i9780197260760
040 _aPE-LiUPU
_bspa
_cPE-LiUPU
_erda
049 _aPRUA
082 0 4 _a220.963
_bU36
_221
100 1 _aUllendorff, Edward,
_eautor.
245 1 0 _aEthiopia and the Bible /
_cEdward Ullenforff.
264 1 _aOxford :
_bOxford University Press,
_c1997.
300 _a173 páginas :
_bilustraciones, cuadros, gráficos ;
_c24 centímetros
336 _atext
_2rdacontent
337 _aunmediated
_2rdamedia
338 _avolume
_2rdacarrier
490 0 _aThe Schweich Lectures of The British Academy ;
_v1967
504 _aIncluye bibliografía.
505 0 _aBible translations. -The impact of the Old Testament. -The queen os Sheba.
526 _aSEG42
526 _aSEG41
526 _aSEG40
526 _aSEG39
526 _aP94
526 _aP87
526 _aP86
526 _aP85
526 _aP77
526 _aP76
526 _aP35
600 1 _aReyna de Sheba
_vLeyendas
630 _aBiblia
_xHistoria de eventos contemporáneos.
630 _aBiblia.
_pA.T.
_xInfluencia.
651 _aEtiopía
_xCivilización.
942 _2ddc
_cBOOK
949 _a220.963 U36
_wDEWEY
_c1
_i49500
_lCCODEBUL1
_mBUL
_r0
_sY
_tBOOK
_u2015-6-24
_xTEOLOGIA
_PP35
_0COMPRA
_o.STAFF. Colección General
994 _aC0
_bPEPRU
596 _a1
999 _a220.963 U36
_wDEWEY
_c30322
_i49500
_f2021-11-9
_g5
_lCCODEBUL1
_mBUL
_r0
_sY
_tBOOK
_u2015-6-24
_xTEOLOGIA
_PP35
_0COMPRA
_o.STAFF. Colección General
_d30322
980 _81
_gALBERTO SANCHEZ Responsable de Automatización